චිරන්තන සිංහල සාහිත්ය විචාර චින්තනයේ විකාසනය /
Chiranthana sinhala sahithya vichara chinthanaye vikasanaya
Saved in:
| Main Author: | |
|---|---|
| Format: | Book |
| Published: |
කොළඹ :
සමයවර්ධන පොත් ප්රකාශකයෝ,
1999.
|
| Tags: |
Add Tag
No Tags, Be the first to tag this record!
|
MARC
| LEADER | 00000nam a2200000 4500 | ||
|---|---|---|---|
| 003 | LK-CoNLD | ||
| 005 | 20260421160421.0 | ||
| 008 | 260421b |||||||| |||| 00| 0 ||| d | ||
| 015 | |2 slnb | ||
| 017 | |b LK-CoDNA | ||
| 020 | |a 9555701563 | ||
| 040 | |a LK-CoNLD |b SIN |c LK-CoNLD |d LK-CoNLD | ||
| 082 | |2 23 |q LK-CoNLD | ||
| 100 | |a ඒකනායක, පුංචිබණ්ඩා |9 20274 | ||
| 245 | |6 880-1 |a චිරන්තන සිංහල සාහිත්ය විචාර චින්තනයේ විකාසනය / |c පුංචිබණ්ඩා ඒකනායක. | ||
| 260 | |a කොළඹ : |b සමයවර්ධන පොත් ප්රකාශකයෝ, |c 1999. | ||
| 300 | |a පි. [ix], 201 ; |c සෙමී. 21. |b නුබැ-බෝක : රු. 225.00 | ||
| 880 | |6 245-1 |a Chiranthana sinhala sahithya vichara chinthanaye vikasanaya | ||
| 942 | |c BOOK | ||
| 999 | |c 299032 |d 299032 | ||
| 945 | |a 21991 |b Nadeen WEERAKOON |c 21991 |d Nadeen WEERAKOON | ||